00483nmm a2200169Ia 4500008004100000020001800041041000800059100002100067245001900088264007700107300001600184490001400200650002300214856005200237942000700289999001700296251105s9999||||xx |||||||||||||||||und|| a9788417669157 aspa aCintora, Enrique 0aEl astrónomo a[Madrid, España] :bLantia, c[Fecha de publicación no identificada] a0 páginas aCaligrama aHistorical fiction uhttps://public.digitaliapublishing.com/a/119642 cCF c78997d78997